000 01381nam a2200289 i 4500
999 _c969
_d969
001 020139336
003 UkOxU
005 20200122112107.0
008 140213s2014 enk 000 f eng|d
015 _aGBB446930
_2bnb
016 7 _a016707720
_2Uk
020 _a9780356500157 (pbk.) :
035 _a(Uk)016707720
040 _aStDuBDS
_beng
_erda
_cStDuBDS
_dUk
_dUkOxU
042 _aukblsr
082 0 4 _aFIC CAR
_223
100 1 _aCarey, M. R.,
_d1959-
_eauthor.
245 1 4 _aThe girl with all the gifts /
_cM.R. Carey.
264 1 _aLondon :
_bOrbit,
_c2014.
300 _a460 p. ;
_c20 cm
336 _atext
_2rdacontent
337 _aunmediated
_2rdamedia
338 _avolume
_2rdacarrier
500 _aFormerly CIP.
_5Uk
520 _aMelanie is a very special girl. Dr Caldwell calls her our little genius. Every morning, Melanie waits in her cell to be collected for class. When they come for her, Sergeant keeps his gun pointing at her while two of his people strap her into the wheelchair. She thinks they do not like her. She jokes that she will not bite, but they do not laugh. Melanie loves school. She loves learning about spelling and sums and the world outside the classroom and the children's cells. She tells her favourite teacher all the things she will do when she grows up. Melanie does not know why this makes Miss Justineau look sad.
942 _2ddc
_cFIC